000 00506nam a22001937a 4500
003 MPLRDC
005 20220104185242.0
008 210129b ||||| |||| 00| 0 eng d
020 _a957-32-6509-2
082 _a848.2 JX-7
100 _a蒋勋
245 _a汉字书法之美
_c杨雅棠 摄影
250 _a初版一刷
260 _a台湾
_b远流出版事业股份有限公司
_c2009
300 _b
490 _a绿蚕鱼丛书. YLG98
650 _a书法美学
942 _cBK
_o848.2 JX-7
999 _c63246
_d63236